Statistics for Bands Also Known by Abbreviations

Click here to take the quiz!

General Stats

  • This quiz has been taken 82 times
  • The average score is 9 of 15

Answer Stats

HintAnswer% Correct
NINNine Inch Nails
88%
GNRGuns N" Roses
87%
ELOElectric Light Orchestra
86%
CCRCreedence Clearwater Revival
80%
RHCPRed Hot Chili Peppers
80%
NKOTBNew Kids on the Block
76%
RATMRage Against The Machine
68%
STPStone Temple Pilots
47%
CSNYCrosby, Stills, Nash and Young
45%
BTOBachman-Turner Overdrive
42%
ELPEmerson, Lake, and Palmer
37%
ICPInsane Clown Posse
37%
A7XAvenged Sevenfold
33%
BOCBlue Oyster Cult
30%
3EBThird Eye Blind
20%

Score Distribution

Percentile by Number Answered

Percent of People with Each Score

Your Score History

You have not taken this quiz